| 000 | 00620nam a2200265Ia 4500 | ||
|---|---|---|---|
| 005 | 20250425161913.0 | ||
| 008 | 250425s9999 xx 000 0 und d | ||
| 020 | _a3540649433 | ||
| 041 | _aeng | ||
| 082 | _a330 | ||
| 100 | _aZERDICK, AXEL | ||
| 245 | 0 | _aE-CONOMICS: STRATEGIES FOR THE DIGITAL MARKETPLACE | |
| 250 | _a1A ED | ||
| 260 |
_aEstados Unidos _bSPRINGER _c2000 |
||
| 260 | _aNEW YORK | ||
| 300 | _a330 | ||
| 650 | _aECONOMIA DIGITAL | ||
| 650 | _aESTRATEGIAS | ||
| 650 | _aINTERNET | ||
| 650 | _aMERCADO | ||
| 650 | _aTECNOLOGIA | ||
| 710 | _aSPRINGER | ||
| 942 | _c01 | ||
| 010 | _a34370 | ||
| 999 |
_c218516 _d218516 |
||